00531nam a2200157Ia 4500008004100000082001700041100002000058245002900078260004100107300001000148630001800158650005800176942000900234952011300243999001700356211109s9999||||xx |||||||||||||| ||und|| a949.2bPAU-B aPaul, Sebastain 0aBenelux Alpine Rajyangal bCurrent BooksaKottayam Bn 795c1978 a125p. xgeneral stack ahistory and geographyvother parts of europeGeneralia cBOOK 00104070aSBCLbSBCLc2d2021-11-09g6.00l0o949.2 PAU-Bp00063331r2021-11-09 00:00:00w2021-11-09yBOOK c78756d78756